Countries With Satellites - Statistics

General Stats
  • This quiz has been taken 53 times
  • The average score is 60 of 75
Answers on the Map
Answers color-coded by a green-red scale on the quiz's map according to % correct below.
 
Answer Stats
Number of Satellites Answer % Correct
34 Argentina
98%
16 Brazil
98%
57 Canada
98%
2,804 United States
98%
1 Chile
96%
467 China
96%
31 France
96%
93 Japan
96%
168 Russia
96%
349 United Kingdom
96%
14 Australia
93%
1 Colombia
93%
47 Germany
93%
61 India
93%
8 Mexico
93%
24 Spain
93%
5 Sweden
93%
4 Egypt
91%
15 Finland
91%
21 Italy
91%
3 South Africa
91%
4 Denmark
89%
8 Indonesia
89%
1 Iran
89%
8 Norway
89%
1 Peru
89%
18 South Korea
89%
9 Turkey
89%
1 Ukraine
89%
5 Belgium
87%
5 Greece
87%
1 Iraq
87%
16 Netherlands
87%
3 Pakistan
87%
13 Saudi Arabia
87%
3 Morocco
85%
1 New Zealand
85%
13 United Arab Emirates
85%
2 Venezuela
85%
13 Switzerland
83%
1 Ecuador
80%
3 Nigeria
80%
7 Thailand
80%
4 Vietnam
80%
5 Algeria
78%
4 Malaysia
78%
1 Paraguay
78%
1 Austria
76%
1 Bolivia
76%
3 Czech Republic
76%
6 Kazakhstan
76%
2 Ethiopia
74%
1 Jordan
74%
1 Tunisia
74%
19 Israel
72%
1 Qatar
72%
13 Taiwan
72%
1 Bangladesh
70%
2 Belarus
70%
1 Estonia
70%
2 Lithuania
70%
11 Singapore
70%
1 Hungary
67%
1 Bulgaria
65%
1 Kuwait
63%
1 Laos
59%
1 Sri Lanka
59%
2 Slovenia
57%
1 Nepal
54%
1 Sudan
54%
2 Azerbaijan
52%
40 Luxembourg
52%
1 Turkmenistan
48%
1 Monaco
28%
1 Mauritius
17%
No matching quizzes found
Score Distribution
Percent of People with Each Score
Percentile by Number Answered
Your Score History
You have not taken this quiz